[Event "Malaga Region-ch"]
[Site "Malaga"]
[Date "2013.02.03"]
[Round "9"]
[White "Gonzalez Capacete, Jose Miguel"]
[Black "Miguel, Angel Viera"]
[Result "0-1"]
[WhiteElo "1802"]
[BlackElo "1862"]
[PlyCount "38"]
[EventDate "2013.01.12"]
[EventType "swiss"]
[EventRounds "9"]
[EventCountry "ESP"]
[SourceTitle "CBM 152 Extra"]
[Source "ChessBase"]
[SourceDate "2013.02.25"]
[SourceVersion "1"]
[SourceVersionDate "2013.02.25"]
[SourceQuality "1"]

1. e4 c5 2. Nf3 Nc6 3. d4 cxd4 4. Nxd4 Qb6 5. Nxc6 bxc6 6. Nc3 g6 7. Be3 Qxb2 8. Bd4 e5 9. Nb5 Bb4+ 10. Ke2 exd4 11. Nc7+ Kd8 12. Nxa8 Qc3 13. Qd3 Qxa1 14. Qg3 Ba6+ 15. Kf3 Qd1+ 16. Kf4 Bd2+ 17. Ke5 f6+ 18. Kxd4 Bf4+ 19. Bd3 Bxg3 0-1

[Event "Internet Section 08A g/8'+2\""]
[Site "Dos Hermanas"]
[Date "2004.03.08"]
[Round "6"]
[White "Sretenskij, Nikolai V"]
[Black "Miguel, Angel Viera"]
[Result "1/2-1/2"]
[WhiteElo "2407"]
[BlackElo "1952"]
[PlyCount "139"]
[EventDate "2004.03.08"]
[EventType "swiss (blitz)"]
[EventRounds "9"]
[EventCountry "ESP"]
[SourceTitle "CBM 099 Extra"]
[Source "ChessBase"]
[SourceDate "2004.05.04"]
[SourceVersion "1"]
[SourceVersionDate "2004.05.04"]
[SourceQuality "1"]

1. d4 c5 2. d5 Nf6 3. c4 g6 4. Nc3 Bg7 5. e4 0-0 6. Nf3 d6 7. h3 e5 8. g4 Ne8 9. Bd3 Nd7 10. Ne2 a6 11. a4 Nc7 12. Ng3 Rb8 13. a5 b5 14. axb6 Rxb6 15. Rg1 Nf6 16. b3 Bd7 17. Bc2 Qb8 18. Be3 Qb7 19. g5 Nfe8 20. Nf5 gxf5 21. exf5 f6 22. g6 hxg6 23. fxg6 f5 24. Nh4 e4 25. Bg5 Nf6 26. Ra3 Ncxd5 27. cxd5 Qxd5 28. Qxd5+ Nxd5 29. Ng2 Nb4 30. Kd1 d5 31. Nf4 d4 32. h4 Rfb8 33. Bb1 c4 34. bxc4 Nd3 35. Bxd3 exd3 36. Kd2 Rb2+ 37. Kxd3 Bc6 38. Re1 Be4+ 39. Rxe4 R2b3+ 40. Rxb3 Rxb3+ 41. Kd2 fxe4 42. h5 Rf3 43. h6 Be5 44. Nd5 Rxf2+ 45. Ke1 Bg3 46. Ne7+ Kf8 47. g7+ Ke8 48. g8Q+ Rf8+ 49. Kd1 Rxg8 50. Nxg8 Kf7 51. Nf6 e3 52. Ne4 Be5 53. Ke2 Kg6 54. Kd3 a5 55. Bxe3 dxe3 56. Kxe3 Kf5 57. Nc5 Bf4+ 58. Kd4 Bxh6 59. Kd5 Be3 60. Na4 Kf6 61. Kd6 Kf5 62. Kd5 Kf6 63. Kd6 Kf5 64. Kc6 Ke4 65. Kb5 Kd3 66. Nb2+ Kc3 67. Na4+ Kb3 68. c5 Bxc5 69. Nxc5+ Kc3 70. Kxa5 1/2-1/2

[Event "Internet Section 07A g/8'+2\""]
[Site "Dos Hermanas"]
[Date "2004.03.07"]
[Round "5"]
[White "Bermudez Barrera, Eduardo"]
[Black "Miguel, Angel Viera"]
[Result "0-1"]
[WhiteElo "2190"]
[BlackElo "1952"]
[PlyCount "82"]
[EventDate "2004.03.07"]
[EventType "swiss (blitz)"]
[EventRounds "9"]
[EventCountry "ESP"]
[SourceTitle "CBM 099 Extra"]
[Source "ChessBase"]
[SourceDate "2004.05.04"]
[SourceVersion "1"]
[SourceVersionDate "2004.05.04"]
[SourceQuality "1"]

1. e4 c5 2. Nf3 Nc6 3. b3 e5 4. Bb2 d6 5. Bb5 Bd7 6. 0-0 g6 7. c3 Bg7 8. d4 Nge7 9. d5 Nb8 10. Bxd7+ Nxd7 11. c4 0-0 12. Nbd2 h6 13. Kh1 f5 14. Nh4 f4 15. Qg4 Kh7 16. g3 g5 17. Nhf3 Nf6 18. Qe6 Qd7 19. Qxd7 Nxd7 20. gxf4 Rxf4 21. Kg2 Raf8 22. h3 Ng6 23. Kg3 Nf6 24. Rae1 Nh5+ 25. Kg2 Bf6 26. b4 cxb4 27. c5 dxc5 28. Nc4 b5 29. Nd6 Nh4+ 30. Nxh4 Rxh4 31. Rh1 Nf4+ 32. Kg3 Nd3 33. Re2 a6 34. Nf5 c4 35. Nxh4 gxh4+ 36. Kg4 Bg5 37. Bxe5 Nxe5+ 38. Kh5 Nd3 39. Kg4 Kg6 40. f4 Ne5+ 41. fxe5 h5# 0-1

[Event "Internet Section 07A g/8'+2\""]
[Site "Dos Hermanas"]
[Date "2004.03.07"]
[Round "3"]
[White "Novik, Maxim"]
[Black "Miguel, Angel Viera"]
[Result "1/2-1/2"]
[WhiteElo "2513"]
[BlackElo "1952"]
[PlyCount "29"]
[EventDate "2004.03.07"]
[EventType "swiss (blitz)"]
[EventRounds "9"]
[EventCountry "ESP"]
[SourceTitle "CBM 099 Extra"]
[Source "ChessBase"]
[SourceDate "2004.05.04"]
[SourceVersion "1"]
[SourceVersionDate "2004.05.04"]
[SourceQuality "1"]

1. d4 c5 2. d5 Nf6 3. Nc3 a6 4. a4 e5 5. e4 d6 6. Be2 g6 7. Nf3 Bg7 8. 0-0 0-0 9. Nd2 Nbd7 10. Nc4 Nb6 11. Na3 Nbd7 12. Nc4 Nb6 13. Na3 Nbd7 14. Nc4 Nb6 15. Na3 1/2-1/2